Fruit and vegetables: Harvesting, Handling and Storage: Volume - 1 - Introduction and Fruit (Record no. 14631)
[ view plain ]
| 000 -LEADER | |
|---|---|
| fixed length control field | 00367nam a22001337a 4500 |
| 020 ## - INTERNATIONAL STANDARD BOOK NUMBER | |
| ISBN | 978111865404 |
| 082 ## - DEWEY DECIMAL CLASSIFICATION NUMBER | |
| Classification number | 634.0441 |
| Item number | THO/FR |
| 100 ## - MAIN ENTRY--AUTHOR NAME | |
| Personal name | Thompson A.K |
| 245 ## - TITLE STATEMENT | |
| Title | Fruit and vegetables: Harvesting, Handling and Storage: Volume - 1 - Introduction and Fruit |
| 250 ## - EDITION STATEMENT | |
| Edition statement | 3 rd |
| 260 ## - PUBLICATION, DISTRIBUTION, ETC. (IMPRINT) | |
| Place of publication | Oxford |
| Name of publisher | Wiley Blackwell |
| Year of publication | 2015 |
| 300 ## - PHYSICAL DESCRIPTION | |
| Number of Pages | 552 |
| 942 ## - ADDED ENTRY ELEMENTS (KOHA) | |
| Koha item type | Reference |
| Withdrawn status | Lost status | Damaged status | Collection code | Home library | Current library | Shelving location | Date acquired | Source of acquisition | Cost, normal purchase price | Full call number | Accession Number | Koha item type |
|---|---|---|---|---|---|---|---|---|---|---|---|---|
| Reference | KAUAET | KAUAET | Reference | 21/07/2016 | Dream Tech, Trivandrum | 32091.72 | 634.0441 THO/FR | 24779 | Reference |
